000
00309nam a22001337a 4500
008
170511b xxu||||| |||| 00| 0 eng d
020
_a
9780321424105
041
_a
eng
080
_2
5TH
_a
34
100
_a
15
101
_a
SHJ
245
_a
UNDERSTANDING SUPREME COURT OPINIONS
_c
GEEL, T.R
942
_2
udc
_c
BK
999
_c
13107
_d
13107